| 000 | 00616nam a2200169Ia 4500 | ||
|---|---|---|---|
| 008 | 151213s9999 xx 000 0 und d | ||
| 020 | _a817066134-I | ||
| 100 | _aশীর্ষেন্দু মুখোপাদ্যায়। | ||
| 245 |
_aমানব জমিন _cশীর্ষেন্দু মুখোপাদ্যায়। |
||
| 250 | _a১ম সং | ||
| 260 |
_aকলকাতা _bআনন্দ _c1991 |
||
| 300 | _a8363 p. | ||
| 650 | _aBangla | ||
| 650 | _aউপন্যাস | ||
| 700 | _aশীর্ষেন্দু মুখোপাদ্যায়। | ||
| 999 |
_c4203 _d4203 |
||